000 00877cam a2200229 4500
001 WB3724-32
008 000000n2001 000 0 eng u
035 _a(Sirsi) u113203
245 _aRDA funds for small businesses
260 _c2001
490 _aRegeneration and Renewal
_v15 June 2001, 1(1)
520 _aA ruling by the European Commission has allowed the use of state funding and risk capital to support businesses in disadvantaged areas in the UK. Regional development agencies will therefore shortly unveil details of local venture capital funds available to small and medium-sized companies in England.
590 _aWB
650 _aREGIONAL DEVELOPMENT AGENCIES
650 _aSMES
650 _aDISADVANTAGED AREAS
650 _aUNITED KINGDOM
650 _aEUROPEAN COMMISSION
650 _aCAPITAL FUNDING
690 _aINVESTMENT
942 _n0
999 _c67417
_d67417